Hotels on the Vegas Strip Quiz Stats

 Plays Quiz not verified by Sporcle

Support Sporcle.
Go Orange.
Score 0/31 Timer 08:00
0 Plays Today
Number of Stars Hotel % Correct
4.5MGM Grand
89.1%
5Bellagio
83.9%
4New York New York
78.2%
4.5Caesars Palace
74.4%
4Luxor
73.9%
4Paris
73.9%
5Mandalay Bay
72.5%
5Wynn
71.6%
5Venetian
70.6%
4Treasure Island
68.2%
3Circus Circus
67.8%
4.5Mirage
66.8%
3Excalibur
63%
3.5Flamingo
62.6%
3Stratosphere
56.9%
3.5Bally's
51.2%
Number of Stars Hotel % Correct
4.5Planet Hollywood
50.2%
3.5Monte Carlo
48.8%
3.5Harrah's
47.9%
3Tropicana
46.9%
3Sahara
39.8%
3Imperial Palace
37.9%
5Encore
35.5%
5Palazzo
32.7%
4.5Aria
29.4%
3Riviera
29.4%
2.5Bill's Gamblin Hall and Saloon
22.7%
3Hooters
20.9%
5Four Seasons
19.4%
5THEhotel
5.2%
5Trump Hotel
5.2%

You're not logged in!

Compare scores with friends on all Sporcle quizzes.
OR
Log In

From the Vault

Highest Grossing Movies (2014)

by manonthemoon

Prepare yourself for sequels, sequels, and more sequels.
Remove Ads.
Support Sporcle.
Get the best of Sporcle when you Go Orange. This ad-free experience offers more features, more stats, and more fun while also helping to support Sporcle. Thank you for becoming a member.

Show Comments

Extras

Top Quizzes Today


Score Distribution

Your Account Isn't Verified!

In order to create a playlist on Sporcle, you need to verify the email address you used during registration. Go to your Sporcle Settings to finish the process.

Report this User

Report this user for behavior that violates our Community Guidelines.

Details: